000
00297nam a22001217a 4500
040
_c
HS
082
_a
338
100
_a
អេង លេង
245
_a
Microeconomics មីក្រូសេដ្ឋកិច្ច
260
_a
RUA
_b
អេង លេង
_c
2008
300
_a
42p;
942
_c
KB
999
_c
10072
_d
10072